Compendio de derecho internacional para oficiales de la Armada de México
Salvato in:
| Natura: | Libro |
|---|---|
| Lingua: | spagnolo |
| Pubblicazione: |
Ciudad de México
Instituto Matías Romero de Estudios Diplomáticos
1993
|
| Edizione: | 2a. ed |
| Soggetti: | |
| Tags: |
Aggiungi Tag
Nessun Tag, puoi essere il primo ad aggiungerne!!
|
MARC
| LEADER | 00000nam a2200000 a 4500 | ||
|---|---|---|---|
| 001 | UCY3149 | ||
| 003 | CL-VaPUC | ||
| 008 | 941214e19930000MX |||||||||||||||||spa|d | ||
| 082 | 0 | 4 | |a 341 |b COM |2 21 |
| 245 | 1 | 0 | |a Compendio de derecho internacional para oficiales de la Armada de México |
| 250 | |a 2a. ed | ||
| 300 | |a 510 p | ||
| 942 | |c BK | ||
| 945 | |d 19941214 00:00:00 |a aalvarez | ||
| 260 | |a Ciudad de México |b Instituto Matías Romero de Estudios Diplomáticos |c 1993 | ||
| 650 | 0 | |a Derecho internacional |9 255637 | |
| 651 | 0 | |a México |9 255269 | |
| 583 | |a last modification |c 19941214 00:00:00 |k Rodrigo Vera | ||
| 999 | |c 231368 |d 231366 | ||
| 952 | |0 0 |1 0 |4 0 |6 341_000000000000000_COM_1993 |7 0 |8 A |9 234588 |a BIBDER |b BIBDER |d 2019-11-15 |i 3042871 |o 341 COM 1993 |p 3042871 |r 2023-01-25 |w 2019-11-15 |y BK |k DER | ||